000
00229nam a22000857a 4500
008
231124b |||||||| |||| 00| 0 eng d
100
_a
World Health Organisation
_9
7724
245
_a
Seasonal Communicable Diseases
260
_a
New Delhi
999
_c
12465
_d
12465